| 000 | 00698nam a2200241Ia 4500 | ||
|---|---|---|---|
| 005 | 20260430150106.0 | ||
| 008 | 008 250103s9999 xx 000 0 eng d | ||
| 037 | _aTheses | ||
| 040 | _aCRL | ||
| 040 | _beng | ||
| 040 | _ceng | ||
| 041 | _2eng | ||
| 041 | _aeng | ||
| 084 | _qCRL | ||
| 100 |
_aShailendra Kumar Au.; Gupta Kamal Kumar Gu. _91236429 |
||
| 245 | 0 | _aInfluence of farnesol on growth, develoment and reproduction of red cotton bug dysdercus koenigii fabricius(heteroptera: Pyrrhocoridae) | |
| 260 | _c2022 | ||
| 300 | _a66 | ||
| 650 | _aZoology | ||
| 700 | _aUniversity of Delhi. Faculty of Science. Department of Zoology | ||
| 942 | _cTH | ||
| 999 |
_c1848924 _d1848924 |
||